| 000 | 00719nam a2200205 i 4500 | ||
|---|---|---|---|
| 001 | 71699 | ||
| 003 | ES-MaACL | ||
| 005 | 20250823103313.0 | ||
| 007 | t| | ||
| 008 | 040817s1931 fr ||||1| fre d | ||
| 100 | 1 |
_aGérold, Théodore. _956485 |
|
| 245 | 1 | 4 |
_aLes pères de l'Eglise et la musique / _cpar Théodore Gérold. |
| 260 |
_aParís : _bFélix Alcan, _c1931 ( _eStrasbourg : _fImprimerie Alsacianne) |
||
| 300 |
_aXVIII, 222 p. : _bil. ; _c25 cm. |
||
| 490 | 1 |
_aEtudes d'histoire et de philosophie religieuses ; _v25 |
|
| 650 | 0 | 4 |
_aMúsica religiosa _915417 |
| 830 | 0 |
_aEtudes d'histoire et de philosophie religieuses ; _v25 _9187205 |
|
| 852 |
_aES-MaACL _jA-221 |
||
| 999 |
_c71699 _d71699 |
||